000 00714nam a2200229Ia 4500
003 OSt
005 20260228113201.0
008 210716s2017 xx 000 0 und d
020 _a9789352135592
040 _cAIMIT LIBRARY
041 _aeng
082 _a384.3
_21
_bSHEA
100 _aShevat, Amir.
_9257167
245 _aDesigning bots :
_bcreating conversational experiences /
_cBy Amir Shevat.
250 _a1st ed.
260 _aNew Delhi :
_bShroff Publications and Distributers Pvt Ltd ,
_c2017.
300 _axv,328p. ;
_bPB
_c23.5 cm
650 _aMajor platforms
_9257168
650 _aArtificial intelligence
_9257169
650 _aRich interactions
_9257170
942 _2ddc
_cBK
_e1st
_k384.3 SHEA
999 _c195861
_d195861